| 000 | 00473nam a2200181Ia 4500 | ||
|---|---|---|---|
| 005 | 20250508152000.0 | ||
| 008 | 008 250505s9999 xx 000 0 eng d | ||
| 037 | _aTextual | ||
| 040 |
_aFEDL _beng _cFEDL |
||
| 041 |
_aeng _2eng |
||
| 084 |
_a352.042, COL _qFEDL |
||
| 100 | _aCole Margaret | ||
| 245 | 0 | _aServant of the county | |
| 260 |
_aLondon, UK _bDennis Dobson |
||
| 300 | _a200p | ||
| 942 |
_cTEXL _h352.042, COL |
||
| 999 |
_c1333374 _d1333374 |
||